That Ain't a Word Quiz Stats

 Plays Quiz Updated Mar 13, 2018

Challenge
Share
Tweet
Embed
Score 0/18 Timer 04:00
1 Play Today
% Correct
expresso
95.9%
wanna
95.7%
conversate
95.6%
ain't
95.6%
ginormous
95%
unthaw
94.9%
participator
94.4%
y'all
94.3%
til
93.9%
% Correct
brung
93.5%
sherbert
93.2%
irregardless
92%
bae
91.3%
misunderestimated
90.6%
undoubtably
89.4%
orientate
89.1%
supposably
77.4%
cromulent
66.5%

You're not logged in!

Compare scores with friends on all Sporcle quizzes.
Join for Free
OR
Log In

You Might Also Like...

Show Comments

Extras

Top Quizzes Today


Score Distribution

Your Account Isn't Verified!

In order to create a playlist on Sporcle, you need to verify the email address you used during registration. Go to your Sporcle Settings to finish the process.

Report this User

Report this user for behavior that violates our Community Guidelines.

Details: